تعديل السلوك : (رقم التسجيلة. 86657)

تفاصيل مارك
000 -الفاتح
عناصر البيانات ثابتة الطول 00720cam a2200193 i 4500
005 - تاريخ ووقت آخر معاملة
حقل ضبط 20251108172720.0
008 - عناصر البيانات ثابتة الطول
عناصر البيانات ثابتة الطول 250721s2003 jo gr 000 0 ara d
082 14 - رقم تصنيف ديوي العشري
رقم التصنيف 153.85
رقم المادة ح م ي
100 1# - مدخل رئيسي – اسم شخصي
الاسم الشخصي أبو حميدان، يوسف
علاقة الشخص بالعمل/ دوره مؤلف.
245 10 - بيان العنوان
العنوان تعديل السلوك :
بقية العنوان النظرية والتطبيق /
بيان المسؤولية تأليف د. يوسف عبد الوهاب أبو حميدان.
264 31 - بيانات النشر، التوزيع…إلخ
مكان النشر، التوزيع...إلخ عمان :
اسم الناشر، الموزع...إلخ دار المدى للخدمات المطبعية والنشر،
تاريخ النشر، التوزيع...إلخ 2003.
300 ## - الوصف المادي
عدد الوحدات المكونة للوعاء 302 صفحة.
650 17 - مدخل إضافي بالموضوع - مصطلح موضوعي
مصطلح موضوعي أو اسم جغرافي كعنصر مدخل السلوك.
650 17 - مدخل إضافي بالموضوع - مصطلح موضوعي
مصطلح موضوعي أو اسم جغرافي كعنصر مدخل العلوم السلوكية.
650 17 - مدخل إضافي بالموضوع - مصطلح موضوعي
مصطلح موضوعي أو اسم جغرافي كعنصر مدخل حرية الإرادة.
650 17 - مدخل إضافي بالموضوع - مصطلح موضوعي
مصطلح موضوعي أو اسم جغرافي كعنصر مدخل الشخصية.
942 ## - بيانات إضافية (كوها)
نوع التنصيف Dewey Decimal Classification
نوع المادة (كوها) كتب
المقتنيات
حالة السحب حالة الفقدان مصدر التصنيف حالة التلف غير قابل للإعارة المكتبة الرئيسية المكتبة الحالية موقع الرف تاريخ التزويد الرقم المتسلسل Total Checkouts رقم الإستدعاء الباركود تاريخ آخر ظهور تاريخ الفاتورة نوع المادة (كوها) العملة
    Dewey Decimal Classification     المكتبة المركزية المكتبة المركزية مقتنيات قسم التزويد 28/07/2025 1606070   153.85/حمي   28/07/2025 28/07/2025 كتب  
    Dewey Decimal Classification     المكتبة المركزية المكتبة المركزية الإعارة 05/11/2025 26076   153.85 ح م ي PLD00210579 05/11/2025 05/11/2025 كتب JOD
    Dewey Decimal Classification     مكتبة أبو علندا العامة مكتبة أبو علندا العامة الإعارة 06/07/2004 589394   150.1943/حمي 589394 28/07/2025 06/07/2004 كتب  
    Dewey Decimal Classification     مكتبة أم قصير والمقابلين العامة مكتبة أم قصير والمقابلين العامة الإعارة 06/07/2004 589393   150.1943/حمي 589393 28/07/2025 06/07/2004 كتب  
    Dewey Decimal Classification Unchecked   مكتبة الجويدة مكتبة الجويدة الإعارة 28/07/2025 589389   153.85/حمي   28/07/2025 28/07/2025 كتب  
    Dewey Decimal Classification     مكتبة النصر العامة مكتبة النصر العامة الإعارة 28/07/2025 589396   150.1943/حمي 589396 28/07/2025 28/07/2025 كتب  
    Dewey Decimal Classification     مكتبة حمزة العامة مكتبة حمزة العامة الإعارة 28/07/2025 589391   153.85/حمي 589391 28/07/2025 28/07/2025 كتب  
    Dewey Decimal Classification     مكتبة صويلح العامة مكتبة صويلح العامة الإعارة 06/07/2004 589386   150.1943/حمي 589386 28/07/2025 06/07/2004 كتب  
Implemented & Customized by: BBB with SCIT (Smart Chains for Information Technology)

Powered by Koha